000 00874nam a22002057a 4500
003 0
005 20250213144529.0
008 250213b xxu||||| |||| 00| 0 eng d
050 _aQA 76.9
_b.V35 2024
100 _aValeroso, Joaquin J.
245 _aImplementing asynchronous virtual reality conferencing for enhancing collaborative experiences.
_cJoaquin J. Valeroso
260 _aLas Pinas City
_bSouthville International School and Colleges
_c2024
300 _axiv, 126 pages:
_bcolored pictures and illustration;
_c28cm.
500 _aBachelor of Science in Information Technology.
504 _aIncludes bibliographical references and appendices.
650 _aVirtual reality—Applications in conferencing.
650 _aAsynchronous communication—Collaborative workflows.
650 _aRemote collaboration—Technology implementation.
942 _2lcc
_cTH
999 _c367203
_d367203